| 000 | 00861cab a2200277 4500 | ||
|---|---|---|---|
| 001 | ABS53063 | ||
| 008 | 090401t1995 xxu||||| |||| 00| 0 eng d | ||
| 035 | _a(Sirsi) u1686 | ||
| 041 | _aeng | ||
| 100 | _aRavetz, A. | ||
| 245 | 4 | _aThe barriers to LOTS conversions | |
| 260 | _c1995 | ||
| 350 | _a0 | ||
| 490 |
_aTown & Country Planning _v64(5/6) May/June 1995, 136-137(2) |
||
| 520 | _aExplores the barriers which still exist against converting space over shops for residential use despite the demand for housing. Argues that greater publicity is needed if the LOTS scheme is to flourish. | ||
| 650 | _aEMPTY PROPERTY | ||
| 650 | _aFLATS OVER SHOPS | ||
| 650 | _aLIVING OVER THE SHOP | ||
| 650 | _aLOTS | ||
| 650 | _aSHOPS | ||
| 650 | _aUPPER FLOORS | ||
| 650 | _aURBAN REGENERATION | ||
| 690 | _aHOUSING | ||
| 942 | _n0 | ||
| 948 | _c04/03/1997 | ||
| 999 |
_c962 _d962 |
||